000
00263nam a2200109Ia 4500
008
190216s9999||||xx |||||||||||||| ||und||
100
_a
Lorles Baker
245
0
_a
Selected Poetry And Prose Sluvency
260
_b
Modern Liberary
650
_a
English
942
_c
BK
999
_c
12382
_d
12382